Songs by First Line(s) #2 - Statistics

General Stats
  • This quiz has been taken 104 times
  • The average score is 10 of 24
Answer Stats
Hint Title and Artist % Correct
How many roads must a man walk down Before you call him a man Blowin' In the Wind
61%
She's got a smile it seems to me Reminds me of childhood memories Sweet Child of Mine
58%
Bob Dylan
53%
I am he as you are he and you are me And we are all together I Am The Walrus
52%
The Beatles
52%
Harry Truman, Doris Day, Red China, Johnnie Ray We Didn't Start the Fire
51%
Well, since my baby left me Well, I found a new place to dwell Well, it's down at the end of Lonely Street Heartbreak Hotel
49%
Guns N' Roses
48%
You need cooling Baby I'm not fooling I'm gonna send ya Back to schooling Whole Lotta Love
43%
Billy Joel
42%
Oh! Let's Go! Steve walks warily down the street With the brim pulled way down low Ain't no sound but the sound of his feet Machine guns ready to go Another One Bites the Dust
41%
Queen
40%
Elvis Presley
39%
In the day we sweat it out on the streets of a runaway American dream At night we ride through the mansions of glory in suicide machines Born To Run
36%
Led Zeppelin
36%
I saw him dancin' there by the record machine I knew he must have been about seventeen I Love Rock 'n' Roll
35%
Young teacher, the subject Of schoolgirl fantasy Don't Stand So Close To Me
34%
Bruce Springsteen
31%
The Rolling Stones
31%
Say your prayers, little one Don't forget, my son To include everyone Enter Sandman
30%
The Police
30%
Joan Jett & The Blackhearts
27%
I saw her today at the reception A glass of wine in her hand I knew she was going to meet her connection At her feet was footloose man You Can't Always Get What You Want
27%
Metallica
23%
No matching quizzes found
Score Distribution
Percent of People with Each Score
Percentile by Number Answered
Your Score History
You have not taken this quiz